000 00451nam a2200181Ia 4500
001 9561
005 20260306161727.0
008 260306t2015||||xx |||||||||||||| ||spa||
041 _aESP
082 _a382.1
_bC95
100 _aCue Mancera, Agustín
_eAUT
245 0 _aNegocios internacionales:
_ben un mundo globalizado
260 _c2015
300 _axii, 424 páginas :
_c27 cm.
650 _aGEN
654 _aCAN
942 _cLIB
_dJUS
_fJUS
_2ddc
_n
999 _c9561
_d9561